| 000 | 00538nam a2200181Ia 4500 | ||
|---|---|---|---|
| 999 |
_c14937 _d14937 |
||
| 003 | OSt | ||
| 005 | 20201019093341.0 | ||
| 008 | 190216s9999||||xx |||||||||||||| ||und|| | ||
| 020 | _a9789350848111 | ||
| 040 | _coclc | ||
| 082 |
_a305.420954 _bPRA/D |
||
| 100 |
_aPrasad, Jai Shankar _95848 |
||
| 245 | 0 |
_aDiscrimination Against Dalit Women / _cJai Shankar Prasad |
|
| 260 |
_bCentrum Press, _c2017. _aNew Delhi: |
||
| 300 | _a272p | ||
| 650 | _aEnglish | ||
| 942 |
_cBK _2ddc _h305.420954 _iPRA/D _k305.420954 _mPRA/D |
||